[Event "AUTO-MASTER-3203"]
[Site "http://www.queenalice.com/game.php?id=1831290"]
[Date "2024.2.11"]
[Round "1"]
[White "suenteus_po_147"]
[Black "ATeixeira"]
[Result "0-1"]
[WhiteElo "2097"]
[BlackElo "2125"]

1. e4 c5 2. Nf3 e6 3. d4 cxd4 4. Nxd4 Nc6 5. c4 Nf6 6. Nc3 Qc7 7. Be2 Bb4 8. Nb5
Qb8 9. a3 Be7 10. O-O a6 11. Nd4 Qc7 12. Nxc6 bxc6 13. Be3 O-O 14. f4 d6 15. Qc2
c5 16. Rad1 Bb7 17. Bd3 Ng4 18. Bc1 Bf6 19. e5 dxe5 20. Bxh7+ Kh8 21. Rd3 e4 22.
Rh3 Bd4+ 23. Kh1 g6 24. Bxg6+ Kg7 25. Bxe4 Rh8 26. f5 Qxh2+ 0-1

[Event "AUTO-MASTER-3203"]
[Site "http://www.queenalice.com/game.php?id=1831291"]
[Date "2024.2.11"]
[Round "1"]
[White "ATeixeira"]
[Black "Capixabba789"]
[Result "1-0"]
[WhiteElo "2084"]
[BlackElo "1879"]

1. e4 e5 2. Nf3 Nc6 3. Bb5 Nf6 4. d3 Be7 5. Bxc6 dxc6 6. Nxe5 O-O 7. O-O Be6 8.
Be3 a5 9. Nd2 c5 10. f4 c6 11. Kh1 a4 12. a3 Qc7 13. g4 b5 14. g5 Nd7 15. Nxd7
Bxd7 16. f5 Bd6 17. Rf3 Bxh2 18. Rh3 Be5 19. Qh5 h6 20. gxh6 g6 21. Rg1 Bxf5 22.
Qxf5 Kh7 23. Qf2 Bxb2 24. Bxc5 Rfe8 25. d4 1-0

[Event "AUTO-MASTER-3203"]
[Site "http://www.queenalice.com/game.php?id=1831292"]
[Date "2024.2.11"]
[Round "1"]
[White "Capixabba789"]
[Black "ATeixeira"]
[Result "0-1"]
[WhiteElo "1888"]
[BlackElo "2075"]

1. e4 c5 2. Nf3 d6 3. d4 cxd4 4. Nxd4 Nf6 5. Bd3 e5 6. Nf5 Bxf5 7. exf5 a6 8.
Nc3 h6 9. Be3 d5 10. Bd2 e4 11. Be2 Nc6 12. Bf4 Qd7 13. a3 Qxf5 14. Bg3 Bc5 15.
O-O b5 16. Qc1 d4 17. Na2 Nd5 18. h3 O-O 19. Qe1 Rfe8 20. Bg4 Qg6 21. Qc1 f5 22.
Bd1 e3 23. Bf3 Nce7 24. c4 Nf6 25. fxe3 Qxg3 0-1

[Event "AUTO-OPEN-4509"]
[Site "http://www.queenalice.com/game.php?id=1831539"]
[Date "2024.2.14"]
[Round "1"]
[White "barracuda3113"]
[Black "ATeixeira"]
[Result "1-0"]
[WhiteElo "1500"]
[BlackElo "2125"]

1. d4 Nf6 2. Nf3 g6 3. c4 Bg7 4. Nc3 d6 5. e4 O-O 6. Be2 e5 7. O-O Nc6 8. d5 Ne7
9. Ne1 Nd7 10. f3 f5 11. g4 Rf7 12. h4 Kh8 13. Kg2 Ng8 14. Rh1 fxg4 15. fxg4 a5
16. Nd3 Nb6 17. b3 a4 18. Be3 axb3 19. axb3 Rxa1 20. Qxa1 Nd7 21. g5 h5 22. Qd1
Bf8 23. b4 Nb6 24. Nf2 c6 25. Qd2 cxd5 26. cxd5 Qc7 27. Nb5 Qd8 28. Rc1 Bd7 29.
Nc7 Nc8 30. Qc2 Nge7 31. Bb5 Bg7 32. Bxd7 Qxd7 33. b5 Nc6 34. bxc6 bxc6 35. Qxc6
Rxf2+ 36. Kxf2 Qh3 37. Qe8+ Kh7 38. Ne6 1-0

[Event "AUTO-OPEN-4509"]
[Site "http://www.queenalice.com/game.php?id=1831559"]
[Date "2024.2.14"]
[Round "1"]
[White "Numberzero"]
[Black "ATeixeira"]
[Result "0-1"]
[WhiteElo "1826"]
[BlackElo "2154"]

1. g4 c5 2. c4 e6 3. Bg2 Nc6 4. Nc3 Nge7 5. Nf3 d5 6. d4 dxc4 7. dxc5 Qxd1+ 8.
Nxd1 Nd5 9. Nd2 Nd4 10. Be4 Bxc5 11. e3 Nc6 12. Nxc4 Bb4+ 13. Bd2 Bxd2+ 14. Kxd2
Ke7 15. Rc1 Rd8 16. Ke2 Kf8 17. Nc3 Nce7 18. Nb5 a6 0-1

[Event "AUTO-OPEN-4509"]
[Site "http://www.queenalice.com/game.php?id=1831569"]
[Date "2024.2.14"]
[Round "1"]
[White "RaulSoft"]
[Black "ATeixeira"]
[Result "1-0"]
[WhiteElo "2354"]
[BlackElo "2160"]

1. d4 Nf6 2. c4 g6 3. Nf3 Bg7 4. Nc3 d6 5. e4 O-O 6. d5 Na6 7. Bd3 Bg4 8. h3
Bxf3 9. Qxf3 Nd7 10. Bd2 Ne5 11. Qe2 e6 12. Bc2 Nb4 13. Bb1 exd5 14. cxd5 a5 15.
O-O Qe7 16. a3 Na6 17. f4 Nd7 18. Bc2 f5 19. exf5 Qxe2 20. Nxe2 Bxb2 21. Ra2 Bg7
22. fxg6 hxg6 23. Bxg6 Nac5 24. g4 Nf6 25. Nc3 c6 26. dxc6 bxc6 27. g5 Nfd7 28.
Ne2 Rfb8 29. h4 Nb3 30. h5 Nd4 31. Be3 Nxe2+ 32. Rxe2 Rb3 33. Rd1 d5 34. h6 Bh8
35. h7+ Kf8 36. f5 Ne5 37. Bc5+ 1-0

[Event "AUTO-OPEN-4509"]
[Site "http://www.queenalice.com/game.php?id=1831570"]
[Date "2024.2.14"]
[Round "1"]
[White "ATeixeira"]
[Black "RaulSoft"]
[Result "0-1"]
[WhiteElo "2167"]
[BlackElo "2342"]

1. e4 e5 2. Nf3 d6 3. d4 exd4 4. Nxd4 Be7 5. Nc3 Nf6 6. Bc4 O-O 7. Bb3 c5 8.
Nde2 Nc6 9. O-O a6 10. a4 Rb8 11. f3 b5 12. Bd5 Ne5 13. axb5 axb5 14. Nf4 g5 15.
Nh3 Bxh3 16. gxh3 Qd7 17. Kg2 b4 18. Ne2 Nxd5 19. Qxd5 b3 20. c3 Qe6 21. Rd1
Qxd5 22. Rxd5 Ra8 23. Rxa8 Rxa8 24. Ng3 Ra1 25. Nf5 Kf8 26. Nxe7 Kxe7 27. Bxg5+
f6 28. Bf4 Rb1 0-1

[Event "AUTO-MASTER-3204"]
[Site "http://www.queenalice.com/game.php?id=1831722"]
[Date "2024.2.16"]
[Round "1"]
[White "MarcosT"]
[Black "ATeixeira"]
[Result "0-1"]
[WhiteElo "2139"]
[BlackElo "2145"]

1. e4 c5 2. Nf3 d6 3. Bc4 Nf6 4. d3 e6 5. Nc3 Be7 6. O-O O-O 7. Re1 Nc6 8. a3 a6
9. h3 b5 10. Ba2 Bb7 11. Bg5 h6 12. Bh4 Rc8 13. d4 cxd4 14. Nxd4 Na5 15. Nxe6
fxe6 16. Bxe6+ Kh8 17. Bxc8 Qxc8 18. Bg3 Nc4 19. b3 Ne5 20. Nd5 Nxd5 21. exd5
Bf6 22. Rc1 Qc5 23. Qe2 Qxd5 24. f4 Qd4+ 25. Kh2 Ng6 26. Rcd1 Qc5 27. b4 Qc6 28.
Rg1 Ne7 29. Rgf1 Nf5 30. Rd3 Re8 31. Qf3 Qxf3 32. gxf3 Nd4 33. Kg2 Re2+ 34. Rf2
Rxc2 35. Rxc2 Nxc2 36. Rxd6 Nxa3 37. Rb6 Bd5 38. Rxa6 Nc2 39. Rb6 Bc4 40. Rb8+
Kh7 41. Bf2 Nxb4 42. Bc5 Nd3 43. Kg3 Bc3 44. h4 b4 45. Rc8 b3 46. Ba3 b2 47.
Bxb2 Nxb2 0-1

[Event "AUTO-MASTER-3204"]
[Site "http://www.queenalice.com/game.php?id=1831723"]
[Date "2024.2.16"]
[Round "1"]
[White "ATeixeira"]
[Black "MarcosT"]
[Result "1-0"]
[WhiteElo "2133"]
[BlackElo "2129"]

1. e4 g6 2. Bc4 Bg7 3. d4 d6 4. Nf3 Nf6 5. Nc3 O-O 6. Bb3 e6 7. h3 Re8 8. Be3 c6
9. Qd2 b5 10. e5 Nd5 11. Ne4 Nxe3 12. Qxe3 d5 13. Nd6 Re7 14. O-O Ba6 15. Rfe1
Qf8 16. Nh2 Bh6 17. f4 Nd7 18. Qf3 c5 19. c3 c4 20. Bc2 Nb6 21. g4 Nc8 22. Nxc8
Rxc8 23. g5 Bg7 24. Kg2 Bb7 25. Ng4 a5 26. h4 b4 27. Rh1 h5 28. gxh6 Bxh6 29. h5
bxc3 30. Nf6+ Kg7 31. hxg6 fxg6 32. Rxh6 1-0

[Event "AUTO-MASTER-3204"]
[Site "http://www.queenalice.com/game.php?id=1831738"]
[Date "2024.2.16"]
[Round "1"]
[White "Capixaba789"]
[Black "ATeixeira"]
[Result "1/2-1/2"]
[WhiteElo "1879"]
[BlackElo "2141"]

1. e4 c5 2. Nf3 d6 3. d4 cxd4 4. Qxd4 a6 5. Bd3 Nc6 6. Qe3 Nf6 7. O-O g6 8. Nc3
Bg7 9. Bd2 O-O 10. Rab1 e6 11. a3 d5 12. exd5 exd5 13. Qe1 Re8 14. Qd1 d4 15.
Ne2 Bg4 16. Ng3 Ne5 17. Be2 d3 18. cxd3 Nxd3 19. Bc3 Nf4 20. Qxd8 Nxe2+ 21. Nxe2
Raxd8 22. Ned4 Nd5 23. Rfe1 Rxe1+ 24. Bxe1 Rc8 25. h3 Bf5 26. Nxf5 gxf5 27. Bd2
Rc2 28. Rc1 Rxc1+ 29. Bxc1 Bf6 30. Kf1 1/2-1/2

[Event "AUTO-MASTER-3204"]
[Site "http://www.queenalice.com/game.php?id=1831750"]
[Date "2024.2.16"]
[Round "1"]
[White "ATeixeira"]
[Black "madriles"]
[Result "1-0"]
[WhiteElo "2156"]
[BlackElo "2008"]

1. e4 d6 2. d3 Nf6 3. f4 g6 4. Be2 Bg7 5. Nc3 O-O 6. Be3 c5 7. h3 Nc6 8. g4 a6
9. g5 Nd7 10. Qd2 b5 11. h4 f6 12. Bf3 Rb8 13. h5 Bb7 14. hxg6 hxg6 15. e5 fxe5
16. Bd5+ Rf7 17. Qh2 Nf8 18. f5 e6 19. fxe6 Re7 20. Ne4 Nxe6 21. Nf6+ Kf8 22.
O-O-O Nxg5 23. Bxg5 1-0

[Event "AUTO-MASTER-3204"]
[Site "http://www.queenalice.com/game.php?id=1831751"]
[Date "2024.2.16"]
[Round "1"]
[White "madriles"]
[Black "ATeixeira"]
[Result "0-1"]
[WhiteElo "1998"]
[BlackElo "2164"]

1. d4 Nf6 2. Nf3 g6 3. e3 Bg7 4. c3 d6 5. Bd3 O-O 6. O-O Nbd7 7. e4 e5 8. d5 Nc5
9. Bg5 h6 10. Bxf6 Qxf6 11. Re1 Bg4 12. Bc2 Bxf3 13. Qxf3 Qxf3 14. gxf3 Bf6 15.
b4 Nd7 16. c4 a5 17. b5 b6 18. a4 Bg5 19. Nc3 f5 20. Rad1 Nf6 21. Kg2 Nh5 22.
Rh1 Nf4+ 23. Kf1 Bh4 24. Rg1 Kh7 25. Ne2 Nh3 26. Rg2 Rf6 0-1